[Event "4NCL 2019-20"]
[Site "Daventry"]
[Date "2020.03.01"]
[Round "2"]
[White "Ledger, Stephen C"]
[Black "Leon Cazares, Gustavo"]
[Result "1-0"]
[WhiteElo "2013"]
[BlackElo "2084"]
[Annotator "ChessBase"]
[PlyCount "43"]
[EventDate "2020.01.11"]
[EventCountry "ENG"]
[SourceTitle "playchess.com"]
[Source "ChessBase"]
[SourceQuality "1"]
[TimeControl "40/6000:3000+30"]

1. d4 {[%emt 0:03:10]} Nf6 {[%emt 0:00:05]} 2. Bg5 {[%emt 0:00:18]} Ne4 {[%emt 0:00:22]} 3. Bf4 {[%emt 0:00:22]} e6 {[%emt 0:00:13]} 4. Nd2 {[%emt 0:05:37]} Nxd2 {[%emt 0:00:07]} 5. Qxd2 {[%emt 0:00:21]} d5 {[%emt 0:00:07]} 6. e3 {[%emt 0:02:06]} Bd6 {[%emt 0:00:13]} 7. Bg3 {[%emt 0:01:41]} O-O {[%emt 0:06:33]} 8. Nf3 {[%emt 0:01:44]} c5 {[%emt 0:03:45]} 9. c3 {[%emt 0:01:26]} Nc6 {[%emt 0:00:42]} 10. Bd3 {[%emt 0:03:41]} Re8 {[%emt 0:08:56]} 11. Ne5 {[%emt 0:09:03]} Nxe5 {[%emt 0:13:22]} 12. dxe5 {[%emt 0:01:58]} Bf8 {[%emt 0:00:29]} 13. Qe2 {[%emt 0:03:20]} c4 {[%emt 0:10:54]} 14. Bc2 {[%emt 0:01:27]} b5 {[%emt 0:00:04]} 15. Rd1 {[%emt 0:07:37]} Qc7 {[%emt 0:13:04]} 16. Rd4 {[%emt 0:05:01]} h6 {[%emt 0:02:09]} 17. Qh5 {[%emt 0:03:33]} Bb7 {[%emt 0:12:39]} 18. Rg4 {[%emt 0:07:45]} Kh8 {[%emt 0:01:25]} 19. Bh4 {[%emt 0:07:57]} Re7 {[%emt 0:20:37]} 20. Qxh6+ {[%emt 0:09:56]} gxh6 {[%emt 0:00:22]} 21. Bf6+ {[%emt 0:00:08]} Bg7 {[%emt 0:00:04]} 22. Rxg7 {[%emt 0:01:51]} 1-0

[Event "4NCL 2019-20"]
[Site "Daventry"]
[Date "2020.03.01"]
[Round "2"]
[White "Jaufarally, Nadia"]
[Black "Steil-Antoni, Fiona"]
[Result "0-1"]
[WhiteElo "1928"]
[BlackElo "2121"]
[Annotator "NA"]
[PlyCount "70"]
[EventDate "2020.01.11"]
[EventCountry "ENG"]
[SourceTitle "playchess.com"]
[Source "ChessBase"]
[SourceQuality "1"]
[TimeControl "40/6000:3000+30"]

1. e4 {[%emt 0:00:00]} c6 {[%emt 0:00:00]} 2. d4 {[%emt 0:00:00]} d5 {[%emt 0:00:00]} 3. Nc3 {[%emt 0:00:00]} dxe4 {[%emt 0:00:00]} 4. Nxe4 {[%emt 0:00:00]} Nf6 {[%emt 0:00:00]} 5. Nxf6+ {[%emt 0:00:00]} exf6 {[%emt 0:00:00]} 6. Nf3 {[%emt 0:00:00]} Bd6 {[%emt 0:00:00]} 7. Bd3 {[%emt 0:03:23]} O-O {[%emt 0:00:00]} 8. O-O {[%emt 0:01:14]} Re8 {[%emt 0:00:00]} 9. c3 {[%emt 0:02:02] B15: Caro-Kann: 3 Nc3: 3...g6 and 3...dxe4 4 Nxe4 Nf6 5 Nxf6+ exf6.} Nd7 {[%emt 0:00:00]} 10. Nd2 {[%emt 0:16:00]} Nf8 {[%emt 0:00:00]} 11. Ne4 {[%emt 0:06:42]} Bc7 {[%emt 0:00:00]} 12. Qf3 {[%emt 0:08:52]} Ng6 {[%emt 0:01:34]} 13. Bd2 {[%emt 0:10:41]} Be6 {[%emt 0:05:11] [#]} 14. a3 $146 {[%emt 0:14:48]} ({Predecessor:} 14. Rfe1 Qd5 15. g3 Rad8 16. Bc2 f5 17. Ng5 Qxf3 18. Nxf3 Bd5 19. Ng5 h6 20. Nh3 {0-1 (60) Latka,W (2140)-Drygalski,W (2245) Poland 1999}) 14... Qd5 {[%emt 0:03:03]} 15. Rae1 {[%emt 0:08:56]} Nh4 {[%emt 0:03:02]} 16. Qe2 {[%emt 0:08:32]} f5 {[%emt 0:03:06]} 17. c4 {[%emt 0:05:10]} Qxd4 {[%emt 0:00:46]} 18. Bc3 {[%emt 0:01:36]} Qd8 {[%emt 0:01:12]} 19. Ng3 {[%emt 0:05:17]} Qg5 {[%emt 0:01:23]} 20. f4 {[%emt 0:05:03]} Qg6 {[%emt 0:03:35]} 21. Qh5 {[%emt 0:00:59]} Qxh5 {[%emt 0:01:06]} 22. Nxh5 {[%emt 0:00:00]} f6 {[%emt 0:02:05]} 23. Re2 {[%emt 0:00:08]} Rad8 {[%emt 0:14:19]} 24. Rd1 {[%emt 0:00:05]} Kf7 {[%emt 0:01:05]} 25. Kf2 {[%emt 0:00:00]} Kg6 {[%emt 0:02:04]} 26. Ng3 {[%emt 0:00:00]} Kf7 {[%emt 0:02:08]} 27. Nf1 {[%emt 0:00:00]} Bb6+ {[%emt 0:00:59]} 28. Ne3 {[%emt 0:00:00]} g5 {[%emt 0:00:42]} 29. g3 {[%emt 0:00:00]} Ng6 {[%emt 0:00:00]} (29... gxf4 $142 30. gxf4 Rg8) 30. fxg5 {[%emt 0:00:00]} fxg5 $19 {[%emt 0:00:00]} 31. Kg2 {[%emt 0:00:00]} f4 {[%emt 0:00:00]} 32. Bxg6+ {[%emt 0:00:00]} hxg6 {[%emt 0:00:00]} 33. Rxd8 {[%emt 0:00:00]} Rxd8 {[%emt 0:00:00]} 34. Nf1 {[%emt 0:00:00]} Bxc4 {[%emt 0:00:49]} 35. Rc2 {[%emt 0:00:00]} Rd1 {[%emt 0:01:02]} 0-1

[Event "4NCL 2019-20"]
[Site "Daventry"]
[Date "2020.03.01"]
[Round "2"]
[White "Zhu, Yaoyao"]
[Black "Skulte, Christopher"]
[Result "0-1"]
[WhiteElo "1896"]
[BlackElo "2033"]
[Annotator "ChessBase"]
[PlyCount "66"]
[EventDate "2020.01.11"]
[EventCountry "ENG"]
[SourceTitle "playchess.com"]
[Source "ChessBase"]
[SourceQuality "1"]
[TimeControl "40/6000:3000+30"]

1. e4 {[%emt 0:04:48]} c5 {[%emt 0:00:00]} 2. Nf3 {[%emt 0:00:00]} e6 {[%emt 0:00:51]} 3. g3 {[%emt 0:00:00]} Nc6 {[%emt 0:04:22]} 4. Bg2 {[%emt 0:00:00]} d5 {[%emt 0:01:38]} 5. exd5 {[%emt 0:00:00]} exd5 {[%emt 0:00:20]} 6. d4 {[%emt 0:00:00]} Nf6 {[%emt 0:02:27]} 7. O-O {[%emt 0:00:00]} cxd4 {[%emt 0:03:05]} 8. Nxd4 {[%emt 0:03:05]} Be7 {[%emt 0:04:08]} 9. c3 {[%emt 0:14:11]} O-O {[%emt 0:01:21]} 10. h3 {[%emt 0:06:12]} Qb6 {[%emt 0:04:45]} 11. Nxc6 {[%emt 0:13:16]} bxc6 {[%emt 0:00:00]} 12. Qb3 {[%emt 0:00:00]} Bf5 {[%emt 0:09:17]} 13. Bf4 {[%emt 0:06:52]} Rfe8 {[%emt 0:09:46]} 14. Nd2 {[%emt 0:03:00]} Bf8 {[%emt 0:05:19]} 15. Rfe1 {[%emt 0:07:22]} Qa6 {[%emt 0:14:38]} 16. Nf3 {[%emt 0:14:01]} Bc5 {[%emt 0:10:29]} 17. Nd4 {[%emt 0:07:20]} Bd7 {[%emt 0:00:22]} 18. Qc2 {[%emt 0:00:35]} Qb6 {[%emt 0:01:00]} 19. Nb3 {[%emt 0:01:50]} Bf8 {[%emt 0:00:00]} 20. Rad1 {[%emt 0:00:48]} a5 {[%emt 0:04:09]} 21. Be5 {[%emt 0:02:33]} a4 {[%emt 0:01:44]} 22. Nd4 {[%emt 0:00:01]} Ne4 {[%emt 0:02:40]} 23. Bxe4 {[%emt 0:02:40]} dxe4 {[%emt 0:00:00]} 24. Rxe4 {[%emt 0:00:00]} c5 {[%emt 0:00:00]} 25. Rh4 {[%emt 0:00:00]} g6 {[%emt 0:00:00]} 26. Nf3 {[%emt 0:00:10]} Bc6 {[%emt 0:01:47]} 27. Qe2 {[%emt 0:09:29]} Bg7 {[%emt 0:01:41]} 28. Re4 {[%emt 0:00:11]} Bxe4 {[%emt 0:00:30]} 29. Qxe4 {[%emt 0:00:00]} Bxe5 {[%emt 0:00:20]} 30. Nxe5 {[%emt 0:00:00]} Qe6 {[%emt 0:00:41]} 31. f4 {[%emt 0:00:00]} f6 {[%emt 0:00:23]} 32. Qb7 {[%emt 0:00:00]} fxe5 {[%emt 0:02:08]} 33. Rd7 {[%emt 0:00:21]} exf4 {[%emt 0:01:52]} 0-1

[Event "4NCL 2019-20"]
[Site "Daventry"]
[Date "2020.03.01"]
[Round "2"]
[White "Webster, Peter A N"]
[Black "Carleton, John J"]
[Result "0-1"]
[WhiteElo "1884"]
[BlackElo "2238"]
[Annotator "ChessBase"]
[PlyCount "80"]
[EventDate "2020.01.11"]
[EventCountry "ENG"]
[SourceTitle "playchess.com"]
[Source "ChessBase"]
[SourceQuality "1"]
[TimeControl "40/6000:3000+30"]

1. e4 {[%emt 0:00:00]} c6 {[%emt 0:00:00]} 2. d4 {[%emt 0:00:00]} d5 {[%emt 0:00:00]} 3. exd5 {[%emt 0:00:00]} cxd5 {[%emt 0:00:00]} 4. c4 {[%emt 0:00:00]} Nf6 {[%emt 0:00:00]} 5. Nc3 {[%emt 0:00:00]} Nc6 {[%emt 0:00:00]} 6. Nf3 {[%emt 0:00:00]} g6 {[%emt 0:01:06]} 7. c5 {[%emt 0:02:10]} Bg7 {[%emt 0:02:49]} 8. Bb5 {[%emt 0:00:49]} O-O {[%emt 0:02:25]} 9. O-O {[%emt 0:04:15]} Ne4 {[%emt 0:04:26]} 10. Bxc6 {[%emt 0:09:34]} bxc6 {[%emt 0:02:40]} 11. Nxe4 {[%emt 0:01:18]} dxe4 {[%emt 0:00:00]} 12. Ne5 {[%emt 0:00:01]} Qd5 {[%emt 0:11:54]} 13. Qb3 {[%emt 0:14:20]} Be6 {[%emt 0:21:23]} 14. Qxd5 {[%emt 0:03:09]} Bxd5 {[%emt 0:00:41]} 15. Rd1 {[%emt 0:02:19]} Rfd8 {[%emt 0:03:27]} 16. Bf4 {[%emt 0:07:19]} g5 {[%emt 0:06:13]} 17. Bd2 {[%emt 0:02:11]} f6 {[%emt 0:05:54]} 18. Ng4 {[%emt 0:00:42]} Be6 {[%emt 0:01:43]} 19. Ne3 {[%emt 0:03:37]} Rxd4 {[%emt 0:01:19]} 20. b3 {[%emt 0:03:35]} Rad8 {[%emt 0:03:08]} 21. Ba5 {[%emt 0:03:48]} Rxd1+ {[%emt 0:01:47]} 22. Rxd1 {[%emt 0:00:00]} Rxd1+ {[%emt 0:01:36]} 23. Nxd1 {[%emt 0:00:00]} f5 {[%emt 0:00:00]} 24. Bc3 {[%emt 0:00:33]} Bd5 {[%emt 0:01:33]} 25. Kf1 {[%emt 0:04:52]} e6 {[%emt 0:03:01]} 26. Ke2 {[%emt 0:01:02]} Bxc3 {[%emt 0:01:50]} 27. Nxc3 {[%emt 0:00:00]} Kf7 {[%emt 0:00:00]} 28. Kd1 {[%emt 0:03:54]} Kf6 {[%emt 0:01:04]} 29. Kc2 {[%emt 0:00:01]} Ke5 {[%emt 0:00:22]} 30. Ne2 {[%emt 0:04:08]} f4 {[%emt 0:02:30]} 31. Kc3 {[%emt 0:01:03]} h5 {[%emt 0:04:45]} 32. a4 {[%emt 0:00:09]} h4 {[%emt 0:05:02]} 33. b4 {[%emt 0:01:17]} a6 {[%emt 0:01:33]} 34. Nd4 {[%emt 0:01:57]} g4 {[%emt 0:01:34]} 35. g3 {[%emt 0:01:50]} e3 {[%emt 0:01:23]} 36. gxf4+ {[%emt 0:07:14]} Kxf4 {[%emt 0:00:00]} 37. fxe3+ {[%emt 0:00:04]} Kxe3 {[%emt 0:00:00]} 38. b5 {[%emt 0:00:01]} cxb5 {[%emt 0:00:00]} 39. axb5 {[%emt 0:00:00]} axb5 {[%emt 0:00:00]} 40. c6 {[%emt 0:00:00]} b4+ {[%emt 0:00:00]} 0-1

[Event "4NCL 2019-20"]
[Site "Daventry"]
[Date "2020.03.01"]
[Round "2"]
[White "Bridgeman, Niamh"]
[Black "Varney, Zoe"]
[Result "0-1"]
[WhiteElo "1665"]
[BlackElo "2004"]
[Annotator "TA"]
[PlyCount "108"]
[EventDate "2020.01.11"]
[EventCountry "ENG"]
[SourceTitle "playchess.com"]
[Source "ChessBase"]
[SourceQuality "1"]

{[%evp 9,108,12,12,12,12,5,13,8,34,-17,-8,-18,-18,-38,-42,-218,-152,-144,-151,-330,-104,-102,-81,-109,-103,-104,-102,-91,-66,-82,-74,-71,-70,-81,-75,-130,-129,-128,-128,-391,-384,-374,-150,-618,-162,-175,-166,-158,-90,-112,-54,-52,-54,-69,-77,-77,-90,-161,-161,-172,-158,-163,-178,-165,-162,-154,-158,-377,-386,-394,-397,-451,-451,-451,-451,-627,-606,-1033,-1085,-1583,-1507,-1662,-1654,-1812,-1520,-5439,-4647,-6083,-6086,-6127,-5497,-29975,-29973,-29975,-29975,-29973,-29972,-29979,-29980,-29978,-29978]} 1. d4 d5 2. Nf3 Nf6 3. e3 c6 4. Bd3 Bg4 5. h3 Bxf3 6. Qxf3 {D04: Colle System.} Nbd7 7. c4 e5 8. cxd5 {[#] The position is equal.} exd4 $146 ({Predecessor:} 8... Nxd5 9. O-O exd4 10. exd4 Be7 11. Nc3 N7f6 12. Re1 O-O 13. Bg5 Re8 14. Re5 Nd7 15. Bxe7 Nxe7 {0-1 (54) Volkov,S (2636)-Bryzgalin,K (2474) playchess.com INT 2007}) 9. dxc6 (9. exd4 $14 Nxd5 10. Nc3) 9... Ne5 $11 10. Qe2 {Threatens to win with exd4.} Bb4+ 11. Kf1 {exd4 is the strong threat.} bxc6 12. f4 $2 (12. exd4 $15 Qxd4 13. Bc2) 12... Nxd3 13. Qxd3 O-O 14. Qxd4 $2 (14. Kg1 $17) 14... Qxd4 $2 (14... Nh5 $19 15. Rg1 Ng3+ 16. Kf2 Qh4) 15. exd4 $17 Rad8 16. Nc3 Rxd4 17. Be3 Bxc3 18. bxc3 Re4 19. Bxa7 Rxf4+ 20. Ke2 Ra4 $36 {[%mdl 2048] Black has good play.} 21. Bc5 Rfa8 22. Rhb1 (22. Bd4 $142) 22... Ne4 $1 {[%cal Re4c5]} ({Resist} 22... Rxa2+ 23. Rxa2 Rxa2+ 24. Kf3 $11) 23. Bd4 {[#]} c5 $1 {[%cal Rc5d4]} ({Don't play} 23... Rxa2+ $6 24. Rxa2 Rxa2+ 25. Ke3 $11) 24. Ke3 $2 {[%mdl 8192] [#]} (24. Kd3 $17 {was necessary.}) 24... Re8 $1 $19 {aiming for ...Nxc3+.} ({Not} 24... cxd4+ 25. Kxe4 dxc3+ 26. Kd3 $17) 25. Be5 Nxc3 (25... Nf6 $19 {and Black stays clearly on top.} 26. Rb8 Re4+ {[%mdl 64] Double Attack} 27. Kd2 R4xe5 28. Rxe8+ Rxe8) 26. Rb2 $2 (26. Rb8 $17 Rxb8 27. Bxb8) 26... Nd5+ $2 (26... Rxe5+ 27. Kd2 Ne4+ 28. Kc2 g6) 27. Kf2 Nb4 28. Rd2 Ra3 ({Better is} 28... c4 {White must now prevent ...Nd3+.} 29. Bc3 Nd3+ 30. Kf1 Ra3) 29. Bd6 Rae3 (29... f6 $17 30. Rb1 Rc8) 30. Rad1 $15 Rc3 31. Be5 Ra3 {Black continues to play with concentration.} 32. Rd8 {[%cal Rd8e8]} Rxa2+ 33. Kf1 (33. Kf3 $17 Ra8 34. Rxa8 Rxa8 35. Rd7) 33... Ra8 $19 34. Rxa8 Rxa8 {[%mdl 4096] Endgame KRB-KRN} 35. Bd6 Rd8 36. Ke2 Na6 37. Rd2 f6 38. Bf4 $2 (38. Bg3 $17 Rc8 39. Kd3) 38... Rxd2+ 39. Kxd2 {KB-KN} Kf7 40. Kc3 Ke6 41. Kc4 Kf5 42. Bd2 Ke4 43. h4 f5 44. g3 g6 45. Bg5 Nc7 46. Be7 Ne6 47. Bd6 Nd4 48. Kxc5 Ne2 49. Kc6 Kf3 50. Kd7 Nxg3 {Black mates.} 51. Ke6 Kg4 52. Kf7 f4 53. Kg8 {[#]} Nf5 $1 54. Bc5 h5 {Accuracy: White = 36%, Black = 72%.} 0-1

[Event "4NCL 2019-20"]
[Site "Daventry"]
[Date "2020.03.01"]
[Round "2"]
[White "Gurjar, Roshan"]
[Black "Ackley, Peter J E"]
[Result "0-1"]
[WhiteElo "1282"]
[BlackElo "2002"]
[Annotator "ChessBase"]
[PlyCount "99"]
[EventDate "2020.01.11"]
[EventCountry "ENG"]
[SourceTitle "playchess.com"]
[Source "ChessBase"]
[SourceQuality "1"]
[TimeControl "40/6000:3000+30"]

1. e4 {[%emt 0:00:00]} d6 {[%emt 0:00:00]} 2. d4 {[%emt 0:00:00]} g6 {[%emt 0:00:00]} 3. Nc3 {[%emt 0:00:00]} Bg7 {[%emt 0:00:00]} 4. Nf3 {[%emt 0:00:00]} Nf6 {[%emt 0:00:00]} 5. h3 {[%emt 0:00:00]} O-O {[%emt 0:01:10]} 6. Bc4 {[%emt 0:00:00]} Nxe4 {[%emt 0:00:00]} 7. Nxe4 {[%emt 0:00:12]} d5 {[%emt 0:00:00]} 8. Bd3 {[%emt 0:00:11]} dxe4 {[%emt 0:00:00]} 9. Bxe4 {[%emt 0:00:00]} Nd7 {[%emt 0:00:00]} 10. c3 {[%emt 0:00:09]} Nf6 {[%emt 0:00:00]} 11. Bc2 {[%emt 0:00:00]} Be6 {[%emt 0:00:27]} 12. O-O {[%emt 0:00:09]} a5 {[%emt 0:07:00]} 13. Be3 {[%emt 0:08:10]} Nd5 {[%emt 0:05:33]} 14. Qd2 {[%emt 0:01:51]} Nxe3 {[%emt 0:00:46]} 15. fxe3 {[%emt 0:08:41]} c5 {[%emt 0:07:47]} 16. Qe2 {[%emt 0:16:03]} Qb6 {[%emt 0:14:05]} 17. Bd3 {[%emt 0:04:56]} Rac8 {[%emt 0:03:24]} 18. Qd2 {[%emt 0:03:55]} Rfd8 {[%emt 0:11:25]} 19. Bc2 {[%emt 0:01:10]} Bh6 {[%emt 0:01:41]} 20. b3 {[%emt 0:15:40]} cxd4 {[%emt 0:07:18]} 21. Nxd4 {[%emt 0:00:40]} Qc5 {[%emt 0:06:13]} 22. c4 {[%emt 0:04:31]} Bxe3+ {[%emt 0:02:54]} 23. Qxe3 {[%emt 0:00:10]} Qxd4 {[%emt 0:00:00]} 24. Qxd4 {[%emt 0:00:00]} Rxd4 {[%emt 0:00:00]} 25. Rad1 {[%emt 0:00:00]} Rcd8 {[%emt 0:01:18]} 26. Kh2 {[%emt 0:00:00]} f5 {[%emt 0:11:53]} 27. Kg3 {[%emt 0:00:47]} Kf7 {[%emt 0:00:28]} 28. Rxd4 {[%emt 0:00:00]} Rxd4 {[%emt 0:00:00]} 29. Rd1 {[%emt 0:00:00]} Rxd1 {[%emt 0:00:00]} 30. Bxd1 {[%emt 0:00:00]} Kf6 {[%emt 0:00:41]} 31. h4 {[%emt 0:00:00]} h6 {[%emt 0:01:13]} 32. Bc2 {[%emt 0:00:12]} g5 {[%emt 0:00:56]} 33. hxg5+ {[%emt 0:00:03]} hxg5 {[%emt 0:00:00]} 34. Kf3 {[%emt 0:00:19]} g4+ {[%emt 0:00:05]} 35. Kf4 {[%emt 0:00:00]} Bd7 {[%emt 0:00:00]} 36. a3 {[%emt 0:00:06]} e5+ {[%emt 0:00:00]} 37. Ke3 {[%emt 0:00:55]} f4+ {[%emt 0:00:13]} 38. Ke2 {[%emt 0:00:13]} Bc6 {[%emt 0:00:51]} 39. Kf1 {[%emt 0:00:54]} g3 {[%emt 0:00:42]} 40. b4 {[%emt 0:00:00]} axb4 {[%emt 0:00:04]} 41. axb4 {[%emt 0:50:10]} b6 {[%emt 0:51:40]} 42. Bd1 {[%emt 0:01:04]} e4 {[%emt 0:03:04]} 43. c5 {[%emt 0:01:22]} b5 {[%emt 0:02:07]} 44. Kg1 {[%emt 0:01:30]} Ke5 {[%emt 0:00:18]} 45. Kh1 {[%emt 0:01:21]} Kd4 {[%emt 0:00:22]} 46. Kg1 {[%emt 0:00:17]} Kc4 {[%emt 0:00:18]} 47. Bf3 {[%emt 0:01:15]} exf3 {[%emt 0:00:25]} 48. Kh1 {[%emt 0:00:29]} Kxb4 {[%emt 0:00:17]} 49. Kg1 {[%emt 0:00:44]} Kxc5 {[%emt 0:00:09]} 50. gxf3 {[%emt 0:00:18]} 0-1

[Event "4NCL 2019-20"]
[Site "Daventry"]
[Date "2020.01.11"]
[Round "3"]
[White "Adams, Michael"]
[Black "McClement, Andrew"]
[Result "1-0"]
[WhiteElo "2694"]
[BlackElo "2215"]
[Annotator "TA"]
[PlyCount "37"]
[EventDate "2020.01.11"]
[EventCountry "ENG"]
[SourceTitle "playchess.com"]
[Source "ChessBase"]
[SourceQuality "1"]

{[%evp 21,37,67,67,68,69,60,62,65,70,61,66,51,210,212,713,682,671,649]} 1. e4 c5 2. Nf3 d6 3. d4 cxd4 4. Nxd4 Nf6 5. Nc3 e6 6. Be3 a6 7. Be2 Be7 8. Qd2 Nc6 9. O-O-O O-O 10. f4 Qc7 11. g4 Nxd4 12. Qxd4 {B84: Sicilian Scheveningen: 6 Be2 a6, lines without early Be3} e5 13. Qd3 {Hoping for g5.} Bxg4 (13... exf4 14. Bxf4 Bxg4 15. Bxg4 Nxg4 16. Nd5 Qd8 17. Rhg1 Ne5 18. Bxe5 dxe5 19. Qg3 g6 20. Qxe5 {½-½ (33) Ivanchuk,V (2733)-Van Wely,L (2685) Novi Sad 2016}) 14. Bxg4 {White is slightly better.} Nxg4 15. Nd5 Qd8 16. Bb6 Qd7 $2 (16... Qe8 $14) 17. Rhg1 $18 {[#] Black must now prevent Qh3.} Bd8 $146 (17... Nf6) ({Predecessor:} 17... Nf6 18. fxe5 Nxd5 19. Qxd5 Qb5 20. Qxb5 axb5 21. exd6 {1-0 (32) Brkic,A (2541)-Saric,I (2576) Stari Mikanovci 2009}) 18. Bxd8 Raxd8 19. f5 1-0

[Event "4NCL 2019-20"]
[Site "Daventry"]
[Date "2020.01.11"]
[Round "3"]
[White "Sadler, Matthew D"]
[Black "Murphy, Conor E"]
[Result "1-0"]
[WhiteElo "2692"]
[BlackElo "2407"]
[Annotator "TA RC"]
[PlyCount "99"]
[EventDate "2020.01.11"]
[EventCountry "ENG"]
[SourceTitle "playchess.com"]
[Source "ChessBase"]
[SourceQuality "1"]

{[%evp 17,115,16,26,26,26,20,24,22,31,33,38,26,31,18,47,46,71,55,39,51,56,27,57,48,35,0,16,0,0,0,0,-7,0,0,0,-36,-45,-57,-51,-49,-41,-63,-58,-66,-37,-104,-17,-65,-58,-77,-62,-66,-67,-90,-10,-27,-5,-16,0,0,81,84,48,0,0,0,0,0,0,0,119,116,204,208,208,200,193,195,471,472,425,327,395,322,544,277,325,300,920,341,740,703,954,931,1673,1562,29982,29983,29975,2047]} 1. c4 e6 2. Nc3 d5 3. d4 Nf6 4. cxd5 exd5 5. Bg5 c6 6. Qc2 Be7 7. e3 Nbd7 8. Bd3 h6 9. Bh4 Nh5 10. Bxe7 {D36: Queen's Gambit Declined: Exchange Variation: Main line (5 Bg5 c6 6 Qc2)} Qxe7 11. O-O-O Nb6 12. Nf3 {White has an edge.} Bg4 13. Kb1 Nf6 14. Rc1 Nfd7 {[#]} 15. Rhe1 $146 ({Predecessor:} 15. Ka1 O-O-O 16. Nd2 Kb8 17. Na4 Nxa4 18. Qxa4 {½-½ (64) Aronian,L (2777)-Carlsen,M (2865) Baden-Baden 2015}) 15... O-O-O 16. e4 dxe4 17. Bxe4 Qf6 $1 18. d5 c5 19. d6 {With the idea Bxb7+.} Rhe8 20. a4 {Hoping for a5.} Kb8 $1 21. h3 Bh5 22. Qb3 Qe6 23. Qxe6 Rxe6 24. Nh4 Nc4 25. g4 g5 $36 {[%mdl 2048] Black is pushing.} 26. gxh5 gxh4 27. Bd5 Rxe1 28. Rxe1 Nxd6 29. Re7 Nb6 $1 30. Re5 Rg8 31. a5 (31. Bf3 $15) 31... Nbc8 (31... Nd7 $17 32. Re7 Rg1+ 33. Ka2 Kc8) 32. Bf3 Rg1+ 33. Ka2 Rf1 34. Re2 b5 35. Nd5 Rd1 (35... Nf5 $1 $17 {[%cal Rf5d4]} 36. Bg4 Nd4) 36. Ne3 Rd3 37. Bg2 $1 c4 38. Ng4 Rd1 (38... b4 $11 39. Ne5 b3+ 40. Ka3 Rd1) 39. Nxh6 $16 {Threatens to win with Ng4.} b4 40. Bc6 Kc7 41. Bf3 $1 Rf1 42. Re5 Rxf2 43. Be2 $1 b3+ (43... f5 $1 $11 44. Rc5+ {[%mdl 64] Double Attack} Kd7 45. Bxc4 Nxc4 46. Rxc4 {[%mdl 64] Double Attack} Nd6 47. Rxb4 Rc2) 44. Ka3 $1 {Black must now prevent Ng4.} c3 (44... f5 $16) 45. bxc3 $18 {aiming for Ng4.} b2 46. Ka2 {And now Ng4 would win.} f6 47. Ng4 {Strongly threatening Rc5+.} Rg2 $2 (47... fxe5 48. Nxf2 Nf7) 48. Nxf6 Nf7 49. Re3 Rg3 50. Re8 {Played: Ka2xb2} 1-0

[Event "4NCL 2019-20"]
[Site "Daventry"]
[Date "2020.01.11"]
[Round "3"]
[White "Lupulescu, Constantin"]
[Black "Ledger, Andrew J"]
[Result "1-0"]
[WhiteElo "2649"]
[BlackElo "2347"]
[Annotator "TA"]
[PlyCount "55"]
[EventDate "2020.01.11"]
[EventCountry "ENG"]
[SourceTitle "playchess.com"]
[Source "ChessBase"]
[SourceQuality "1"]

{[%evp 14,55,20,0,22,19,14,20,22,23,16,10,20,27,62,41,87,97,97,122,105,0,0,0,104,104,219,208,218,219,211,208,556,556,547,513,1082,1027,1072,1057,29996,946,906,878]} 1. e4 e6 2. d4 d5 3. Nc3 {[%cal Bb1c3,Bc3e2,Be2f4][%mdl 32]} Nf6 4. e5 Nfd7 5. Nce2 c5 6. c3 Nc6 7. Nf3 b5 8. Nf4 Rb8 {C11: French: Classical System: 4 e5 and 4 Bg5 dxe4} 9. Bd3 b4 10. O-O (10. Nxe6 fxe6 11. Ng5 Ndxe5 12. dxe5 Nxe5 13. Bxh7 Qf6 14. O-O Bd6 15. f4 Nf7 16. Qh5 {0-1 (27) Shirov,A (2726)-Malakhatko,V (2633) Leon 2008}) 10... Be7 {The position is equal.} 11. Re1 O-O $146 ({Predecessor:} 11... Qa5 12. c4 dxc4 13. Bxc4 cxd4 14. Bxe6 fxe6 15. Nxe6 Nf8 16. Nxg7+ {1-0 (25) Geller,E (2575)-Bandza,A Soviet Union 1983}) 12. Nh5 bxc3 13. bxc3 g6 {Threatens to win with ...c4.} 14. Qd2 $1 {[%cal Rd2h6] White threatens Qh6 and mate.} Re8 15. Qh6 {[%csl Gh5][%cal Rh6g7]} Bf8 16. Qf4 Be7 17. Qh6 {[%csl Gh5][%cal Rh6g7]} Bf8 18. Qf4 $40 {[%mdl 128] White attacks.} Be7 $1 {[#]} 19. h4 $1 f5 ({But not} 19... gxh5 $2 {[#]} 20. Qh6 $1 $18 {[%mdl 512]}) (19... cxd4 $16 20. cxd4 Nb4) 20. exf6 $18 Nxf6 21. Nxf6+ Bxf6 22. h5 $1 gxh5 $2 {[#]} (22... g5 {is a better chance.} 23. Nxg5 Bxg5 24. Qxg5+ Qxg5 25. Bxg5 cxd4) 23. Qh6 $1 {[%mdl 512]} Rb7 24. Ng5 Bg7 (24... Bxg5 $142 25. Bxg5 Ree7 26. Bxe7 Rxe7) 25. Qxh7+ Kf8 26. Qxh5 cxd4 27. Nh7+ (27. Ba3+ $142 Nb4 28. Bxb4+ Qd6 29. Bxd6+ Kg8 30. Qh7#) 27... Kg8 28. Bg5 {Accuracy: White = 85%, Black = 46%.} 1-0